'H' Authors Quiz Stats

 Plays Quiz Updated Aug 31, 2017

Also try: 'L' Authors
Challenge
Share
Tweet
Embed
Score 0/20 Timer 06:00
0 Plays Today
Hint Answer % Correct
The Iliad (8th century BC), The Odyssey (8th century BC)Homer
97.9%
A Farewell to Arms (1929), The Old Man and the Sea (1952)Ernest Hemingway
96.2%
The Hunchback of Notre-Dame (1831), Les Miserables (1862)Victor Hugo
89.4%
Brave New World (1932), Island (1962)Aldous Huxley
87.1%
The Scarlet Letter (1850), The House of the Seven Gables (1851)Nathaniel Hawthorne
76.3%
Catch-22 (1961), Something Happened (1974)Joseph Heller
72.9%
The Mayor of Casterbridge (1886), Tess of the d'Urbervilles (1891)Thomas Hardy
68.9%
The Autobiography of Malcolm X (1965), Roots (1976)Alex Haley
58.4%
Siddhartha (1922), Der Steppenwolf (1927)Hermann Hesse
55.5%
Red Dragon (1981), The Silence of the Lambs (1988)Thomas Harris
49%
Hint Answer % Correct
Dune (1963-1965), Children of Dune (1976)Frank Herbert
48.4%
The Maltese Falcon (1930), The Thin Man (1934)Dashiell Hammett
44.8%
Their Eyes Were Watching God (1937), Dust Tracks on a Road (1942)Zora Neale Hurston
41.5%
Death's Deputy (1948), Battlefield Earth (1982)L. Ron Hubbard
36.9%
The Outsiders (1967), Tex (1979)S.E. Hinton
36%
De Cive (1642), Leviathan (1651)Thomas Hobbes
33.1%
Red Planet (1949), Stranger in a Strange Land (1961)Robert A. Heinlein
32.6%
The Kite Runner (2003), A Thousand Splendid Suns (2007)Khaled Hosseini
26.4%
King Solomon's Mines (1885), Allan Quatermain (1887)H. Rider Haggard
23%
Heart-Shaped Box (2007), Horns (2010)Joe Hill
15.8%

You're not logged in!

Compare scores with friends on all Sporcle quizzes.
Join for Free
OR
Log In

You Might Also Like...

Show Comments

Extras

Top Quizzes Today


Score Distribution

Your Account Isn't Verified!

In order to create a playlist on Sporcle, you need to verify the email address you used during registration. Go to your Sporcle Settings to finish the process.

Report this User

Report this user for behavior that violates our Community Guidelines.

Details: